| 000 | 01090nam0a2200289 4500 | ||
|---|---|---|---|
| 001 | RU\NLR\bibl\1345695 | ||
| 005 | 20250615172204.0 | ||
| 010 |
_a978-5-9776-0103-0 _9500 |
||
| 021 |
_aRU _b2009-31753 _91917 |
||
| 035 | _a(NLR Aleph) 001330823 | ||
| 090 |
_a799216 _c799216 |
||
| 100 | _a20090325d2009 |||y0rusy50 ca | ||
| 101 | 0 | _arus | |
| 102 | _aRU | ||
| 105 | _aa ||||||||| | ||
| 200 | 1 |
_aМеждународное двойное налогообложение: механизм устранения в Российской Федерации _fЛ.В. Полежарова |
|
| 210 |
_aМосква _cМагистр _d2009 |
||
| 215 |
_a303 с. _cил. _d22 |
||
| 606 | 1 |
_aНалоговое обложение двойное _xИзбежание _yРоссийская Федерация _92577291 _3RU\NLR\auth\661523781 |
|
| 686 | _aУ26(2)141.3 | ||
| 686 | _aХ916.5-329 | ||
| 700 | 1 |
_aПолежарова _bЛ. В. _gЛюдмила Владимировна _4070 |
|
| 801 | 0 |
_aRU _bNLR _c20090325 _gRCR |
|
| 801 | 1 |
_aRU _bNLR _c20090325 |
|
| 942 | _cBOOK | ||
| 980 | _aNB | ||